000 00553nam a2200217Ia 4500
003 OSt
005 20230420113217.0
008 210423s2010 xx 000 0 und d
020 _a9788122426694
040 _cAL
041 _aeng
082 _a511.5
_223
_bRAOG
100 _aRAO (G Shanker).
_990969
245 _aDiscrete mathematical structures.
250 _a2
260 _aNew Delhi
_bNew Age International
_c2010
300 _axviii,440
_bPB
365 _b250
_cINR
906 _aDiscrete ; mathematical ; structures.
942 _2ddc
_cBK
999 _c160800
_d160800